| 000 | 00541nam a2200133Ia 4500 | ||
|---|---|---|---|
| 008 | 220620s9999||||xx |||||||||||||| ||und|| | ||
| 020 | _a9782890000000 | ||
| 245 | 0 | _aProtective Resources for Psychological Well-Being of Adolescents | |
| 546 | _aEnglish[eng] | ||
| 650 | _aprotective factors||adolescence||well-being||education||mental-health | ||
| 700 | _aRey, Lourdes||Pena, Mario||Neto, Félix | ||
| 856 | _uhttps://www.frontiersin.org/research-topics/9085/protective-resources-for-psychological-well-being-of-adolescents | ||
| 942 | _cEB | ||
| 999 |
_c33301 _d33301 |
||